HTML5 : up and running (Record no. 10472)
[ view plain ]
| 000 -LEADER | |
|---|---|
| fixed length control field | 00876 a2200205 4500 |
| 020 ## - INTERNATIONAL STANDARD BOOK NUMBER | |
| International Standard Book Number | 9780596806026 |
| 020 ## - INTERNATIONAL STANDARD BOOK NUMBER | |
| International Standard Book Number | 0596806027 |
| 040 ## - CATALOGING SOURCE | |
| Original cataloging agency | DLC |
| Language of cataloging | DLC |
| 100 1# - MAIN ENTRY--PERSONAL NAME | |
| Personal name | Pilgrim, Mark. |
| 245 10 - TITLE STATEMENT | |
| Title | HTML5 : up and running |
| Statement of responsibility, etc. | Mark Pilgrim. |
| 246 30 - VARYING FORM OF TITLE | |
| Title proper/short title | Hyper Text Markup Language 5. |
| 260 ## - PUBLICATION, DISTRIBUTION, ETC. | |
| Place of publication, distribution, etc. | Sebastopol, CA : |
| Name of publisher, distributor, etc. | O'Reilly, |
| Date of publication, distribution, etc. | 2010. |
| 300 ## - PHYSICAL DESCRIPTION | |
| Extent | xii, 205 p. : |
| Other physical details | ill. ; |
| Dimensions | 24 cm. |
| 500 ## - GENERAL NOTE | |
| General note | "O'Reilly/Google Press"--Cover. |
| 500 ## - GENERAL NOTE | |
| General note | "Dive into the future of Web development"--Cover. |
| 520 8# - SUMMARY, ETC. | |
| Summary, etc. | With this book you will learn how HTML5 enables browsers to interact with JavaScript much more easily than before. You will learn how it can help you develop applications that display video directly in the browser, without having to rely on plugins and much more. |
| 650 #0 - SUBJECT ADDED ENTRY--TOPICAL TERM | |
| Topical term or geographic name entry element | HTML (Document markup language) |
| 650 #0 - SUBJECT ADDED ENTRY--TOPICAL TERM | |
| Topical term or geographic name entry element | Web site development. |
| 942 ## - ADDED ENTRY ELEMENTS (KOHA) | |
| Koha item type | Book |
| Call number prefix | 004 PIL |
| Source of classification or shelving scheme | |
| Withdrawn status | Lost status | Damaged status | Not for loan | Collection code | Permanent Location | Current Location | Shelving location | Date acquired | Source of acquisition | Cost, normal purchase price | Full call number | Barcode | Date last seen | Price effective from | Koha item type |
|---|---|---|---|---|---|---|---|---|---|---|---|---|---|---|---|
| NUST Law School (NLS) | NUST Law School (NLS) | First Floor - Computer Science | 04/08/2011 | Progressive International Agencies | 2602.17 | 004 PIL | SEECS010554 | 11/14/2012 | 01/05/2017 | Book |
